000 00699nam a2200265Ia 4500
005 20260121165815.0
008 008 260114s9999 xx 000 0 eng d
020 _a9789811003004
037 _aEBOOK
040 _aCRL
040 _beng
040 _cCRL
041 _2eng
041 _aeng
084 _qCRL
100 _aEuijune Kim, Brian H. S. Kim
_91056274
245 0 _aQuantitative Regional Economic and Environmental Analysis for Sustainability in Korea
260 _bSpringer
260 _bSpringer
260 _c2016
856 _uhttps://link.springer.com/openurl?genre=book&isbn=978-981-10-0300-4
942 _cEBOOK
999 _c1622002
_d1622002